Reformu verejnej správy rozbieha sedem návrhov zákonov a noviel
Diskusie okolo návrhov zákonov o vyšších územných celkoch a voľbách do nich v slovenskom parlamente. Novelizácie existujúcich zákonov, návrh zákona o vyšších územných celkoch a návrh tzv. veľkého kompetenčného zákona, ktorý predložilo do vlády Ministerstvo vnútra. Výhrady ZMOSu k viacerým úpravám. N...
Enregistré dans:
| Auteur principal: | |
|---|---|
| Format: | Chapitre de livre |
| Langue: | slovaque |
| Sujets: | |
| Tags: |
Pas de tags, Soyez le premier à ajouter un tag!
|
MARC
| LEADER | 00000naa a2200000 4500 | ||
|---|---|---|---|
| 001 | r042222 | ||
| 005 | 20230921111603.7 | ||
| 041 | 0 | |a slo | |
| 044 | |a SK | ||
| 245 | 1 | 0 | |a Reformu verejnej správy rozbieha sedem návrhov zákonov a noviel |c Eva Reiselová |
| 520 | |a Diskusie okolo návrhov zákonov o vyšších územných celkoch a voľbách do nich v slovenskom parlamente. Novelizácie existujúcich zákonov, návrh zákona o vyšších územných celkoch a návrh tzv. veľkého kompetenčného zákona, ktorý predložilo do vlády Ministerstvo vnútra. Výhrady ZMOSu k viacerým úpravám. Nedôvera voči územnej samospráve. Rozpočtové pravidlá podľa návrhu zákona. | ||
| 610 | 2 | 0 | |a správa verejná |
| 610 | 2 | 0 | |a vyššie územné celky |
| 610 | 2 | 0 | |a reformy |
| 610 | 2 | 0 | |a zákony |
| 610 | 2 | 0 | |a novelizácia |
| 610 | 2 | 0 | |a mestá |
| 610 | 2 | 0 | |a obce |
| 610 | 2 | 0 | |a samospráva |
| 610 | 2 | 0 | |a decentralizácia |
| 610 | 2 | 0 | |a voľby |
| 610 | 2 | 0 | |a rozpočet miestny |
| 610 | 2 | 0 | |a Slovensko |
| 100 | 1 | |a Reiselová, Eva | |